Formula One: Drivers Who Lost Championship to Teammate - Statistics

General Stats
  • This quiz has been taken 1,867 times
    773 since last reset
  • The average score is 18 of 24
Answer Stats
Season Runner-up Champion Team % Correct
2016 Lewis Hamilton Nico Rosberg Mercedes
99%
2023 Sergio Pérez Max Verstappen Red Bull
98%
2014 Nico Rosberg Lewis Hamilton Mercedes
97%
2015 Nico Rosberg Lewis Hamilton Mercedes
97%
2019 Valtteri Bottas Lewis Hamilton Mercedes
97%
2020 Valtteri Bottas Lewis Hamilton Mercedes
97%
1984 Alain Prost Niki Lauda McLaren-TAG
93%
1988 Alain Prost Ayrton Senna McLaren-Honda
93%
1989 Ayrton Senna Alain Prost McLaren-Honda
93%
2002 Rubens Barrichello Michael Schumacher Ferrari
86%
2004 Rubens Barrichello Michael Schumacher Ferrari
86%
1950 Juan-Manuel Fangio Giuseppe Farina Alfa Romeo
78%
1979 Gilles Villeneuve Jody Scheckter Ferrari
70%
1996 Jacques Villeneuve Damon Hill Williams-Renault
70%
1987 Nigel Mansell Nelson Piquet Williams-Honda
65%
1952 Giuseppe Farina Alberto Ascari Ferrari
62%
1955 Stirling Moss Juan-Manuel Fangio Mercedes
57%
1957 Stirling Moss Juan-Manuel Fangio Maserati
57%
1967 Jack Brabham Denny Hulme Brabham-Repco
55%
1997 Heinz-Harald Frentzen Jacques Villeneuve Williams-Renault
48%
1992 Riccardo Patrese Nigel Mansell Williams-Renault
45%
1960 Bruce McLaren Jack Brabham Cooper-Climax
39%
1961 Wolfgang von Trips Phil Hill Ferrari
35%
1978 Ronnie Peterson Mario Andretti Lotus-Ford
32%
No matching quizzes found
Score Distribution
Percent of People with Each Score
Percentile by Number Answered
Your Score History
You have not taken this quiz since the last reset